00479nam a2200157Ia 4500008004100000040001900041041001200060082002500072100003200097245008200129260003300211300001700244504001900261650002300280850001800303131103s9999 xx 000 0 und d aLoreto College aEnglish a242/CHAbLCLIB/11457 aChardin, Pierre Teilhard De aLe Milieu Divin b an essay on the interior life cPierre Teilhard De Chardin aCollinsbFontana Booksc1964 a160p c 17cm aIncludes index aChristian religion aLCLIB/242/CHA